[Event "Stare Mesto Slavia Kromeriz op 2nd"]
[Site "Stare Mesto"]
[Date "2024.03.30"]
[Round "5"]
[White "Burda, Josef"]
[Black "Krajicek, Matej"]
[Result "1/2-1/2"]
[WhiteElo "1852"]
[BlackElo "1874"]
[PlyCount "111"]
[EventDate "2024.03.28"]
[EventType "swiss"]
[EventRounds "7"]
[EventCountry "CZE"]
[SourceTitle "CB14_2024"]
[SourceDate "2024.04.01"]
[SourceVersion "1"]
[SourceVersionDate "2024.04.01"]
[SourceQuality "1"]

1. c4 e5 2. g3 Nf6 3. Bg2 c6 4. Nc3 d6 5. d4 Be7 6. e4 exd4 7. Qxd4 Qb6 8. Qd2 Be6 9. b3 Nbd7 10. Nge2 0-0 11. 0-0 Rad8 12. Na4 Qc7 13. Nd4 Bg4 14. f3 Bh5 15. Nf5 Nb6 16. Nxb6 axb6 17. Ba3 Rfe8 18. Nxe7+ Qxe7 19. Rad1 c5 20. Bb2 h6 21. Qf4 Nh7 22. Rd3 f6 23. Rfd1 Ng5 24. g4 Bg6 25. Rxd6 Nf7 26. Rxd8 Rxd8 27. Rd5 Rxd5 28. cxd5 c4 29. Qe3 cxb3 30. axb3 Qc7 31. Qc3 Qd6 32. Bc1 Qd7 33. Be3 Qb5 34. Bf1 Qd7 35. Bxb6 h5 36. h3 Ne5 37. Be2 hxg4 38. hxg4 Kh7 39. Qc7 Qe8 40. Qd8 Qf7 41. Qc7 Qe8 42. d6 Bf7 43. f4 Nd7 44. Bd3 Bxb3 45. e5+ Kh6 46. Be3 fxe5 47. fxe5+ g5 48. Qc1 Qxe5 49. Qd2 Qg3+ 50. Kf1 Qh3+ 51. Ke1 Qh1+ 52. Ke2 Qh2+ 53. Bf2 Qxd6 54. Qc3 Qe5+ 55. Qxe5 Nxe5 56. Bf5 1/2-1/2

[Event "Stare Mesto Slavia Kromeriz op 2nd"]
[Site "Stare Mesto"]
[Date "2024.03.29"]
[Round "2"]
[White "Turner, Radek"]
[Black "Burda, Josef"]
[Result "1-0"]
[WhiteElo "2020"]
[BlackElo "1852"]
[PlyCount "101"]
[EventDate "2024.03.28"]
[EventType "swiss"]
[EventRounds "7"]
[EventCountry "CZE"]
[SourceTitle "CB14_2024"]
[SourceDate "2024.04.01"]
[SourceVersion "1"]
[SourceVersionDate "2024.04.01"]
[SourceQuality "1"]

1. c4 Nf6 2. g3 c5 3. Bg2 Nc6 4. Nc3 g6 5. Nf3 Bg7 6. 0-0 0-0 7. d4 cxd4 8. Nxd4 Qb6 9. Nc2 d6 10. b3 Bf5 11. e4 Nxe4 12. Nxe4 Bxa1 13. Nxa1 Qd4 14. Qxd4 Nxd4 15. Bb2 Nc6 16. Nc3 Rac8 17. Nd5 f6 18. Re1 Kf7 19. Ne3 Bd7 20. Nac2 b6 21. f4 Rfe8 22. Nd5 Nb8 23. Nd4 Bc6 24. Ne6 Na6 25. a4 Bd7 26. Nd4 Nc5 27. Re3 e6 28. Nc3 e5 29. Ndb5 Ke7 30. Nd5+ Ke6 31. Nbc7+ Kf7 32. Nxe8 Rxe8 33. fxe5 dxe5 34. Nc7 Rc8 35. Nb5 Bxb5 36. axb5 Rd8 37. Bd5+ Ke7 38. Ba3 Kd6 39. Bb4 Rd7 40. Bc6 Re7 41. Rd3+ Ke6 42. Bxc5 bxc5 43. Rd5 f5 44. Rxc5 e4 45. Kf1 Kf6 46. h4 h6 47. Rd5 g5 48. Rd6+ Re6 49. hxg5+ hxg5 50. Rxe6+ Kxe6 51. g4 1-0

[Event "Stare Mesto op-B"]
[Site "Stare Mesto"]
[Date "2023.08.08"]
[Round "4"]
[White "Stary, Simon"]
[Black "Burda, Josef"]
[Result "1-0"]
[WhiteElo "1570"]
[BlackElo "1773"]
[PlyCount "35"]
[EventDate "2023.08.05"]
[EventType "swiss"]
[EventRounds "9"]
[EventCountry "CZE"]
[SourceTitle "EXT 2024"]
[Source "ChessBase"]
[SourceDate "2023.10.10"]
[SourceVersion "1"]
[SourceVersionDate "2023.10.10"]
[SourceQuality "1"]

1. e4 c5 2. Nf3 d6 3. d4 cxd4 4. Nxd4 Nf6 5. Nc3 a6 6. f3 Nc6 7. Be3 Bd7 8. Qd2 e6 9. 0-0-0 Nxd4 10. Bxd4 Bc6 11. Kb1 Be7 12. g4 Qc7 13. g5 Nh5 14. Be2 e5 15. Be3 0-0-0 16. Bc4 Bxe4 17. fxe4 Qxc4 18. Nd5 1-0

[Event "Stare Mesto op-B"]
[Site "Stare Mesto"]
[Date "2023.08.07"]
[Round "3"]
[White "Burda, Josef"]
[Black "Vavra, Jan2222"]
[Result "1/2-1/2"]
[WhiteElo "1773"]
[BlackElo "1557"]
[PlyCount "42"]
[EventDate "2023.08.05"]
[EventType "swiss"]
[EventRounds "9"]
[EventCountry "CZE"]
[SourceTitle "EXT 2024"]
[Source "ChessBase"]
[SourceDate "2023.10.10"]
[SourceVersion "1"]
[SourceVersionDate "2023.10.10"]
[SourceQuality "1"]

1. c4 e5 2. Nc3 Bb4 3. g3 Bxc3 4. bxc3 d6 5. Bg2 Ne7 6. Nf3 Nbc6 7. 0-0 Be6 8. Qa4 0-0 9. Rb1 b6 10. d4 Bf5 11. Ra1 Bd7 12. Qc2 f6 13. Ba3 Rb8 14. e3 Qc8 15. Rfe1 Qa6 16. Bb2 Qxc4 17. Nd2 Qf7 18. c4 f5 19. c5 bxc5 20. dxc5 dxc5 21. Ba3 f4 1/2-1/2

[Event "Olomouc Seniors op"]
[Site "Olomouc"]
[Date "2022.08.13"]
[Round "1"]
[White "Burda, Josef"]
[Black "Johnsen, Gunnar"]
[Result "1/2-1/2"]
[WhiteElo "1756"]
[BlackElo "2137"]
[PlyCount "45"]
[EventDate "2022.08.13"]
[EventType "swiss"]
[EventRounds "9"]
[EventCountry "CZE"]
[SourceTitle "CBM 209 Extra"]
[Source "ChessBase"]
[SourceDate "2022.09.30"]
[SourceVersion "1"]
[SourceVersionDate "2022.09.30"]
[SourceQuality "1"]

1. c4 f5 2. d4 e6 3. Nf3 Nf6 4. g3 d5 5. Bg2 Be7 6. 0-0 0-0 7. b3 Ne4 8. Qc2 Nc6 9. Bb2 a5 10. a3 Bd7 11. Nc3 Be8 12. cxd5 exd5 13. e3 Bf6 14. Rad1 Ne7 15. Ne5 c6 16. f3 Nd6 17. e4 fxe4 18. fxe4 Bxe5 19. dxe5 Qb6+ 20. Kh1 Rxf1+ 21. Rxf1 Nxe4 22. Nxe4 dxe4 23. Bxe4 1/2-1/2

[Event "Stare Mesto op"]
[Site "Stare Mesto"]
[Date "2019.08.17"]
[Round "1"]
[White "Kubos, Rostislav"]
[Black "Burda, Josef"]
[Result "1-0"]
[WhiteElo "2144"]
[BlackElo "1845"]
[PlyCount "47"]
[EventDate "2019.08.17"]
[EventType "swiss"]
[EventRounds "9"]
[EventCountry "CZE"]
[SourceTitle "EXT 2020"]
[Source "ChessBase"]
[SourceDate "2019.10.17"]
[SourceVersion "1"]
[SourceVersionDate "2019.10.17"]
[SourceQuality "1"]

1. Nf3 Nf6 2. g3 d5 3. Bg2 Nbd7 4. 0-0 e5 5. c4 c6 6. cxd5 cxd5 7. d3 Bd6 8. Nc3 0-0 9. Bd2 a6 10. Ne1 d4 11. Ne4 Nxe4 12. dxe4 Nc5 13. b4 Ne6 14. Nd3 Bd7 15. f4 exf4 16. gxf4 Bc6 17. Rf2 Qe7 18. e5 Bc7 19. Bxc6 bxc6 20. Rc1 Nd8 21. Qb3 Qd7 22. Nc5 Qd5 23. Qxd5 cxd5 24. Nd7 1-0

[Event "CZE-chT2E 1213"]
[Site "Czech Republic"]
[Date "2013.01.06"]
[Round "6.6"]
[White "Burda, Josef"]
[Black "Fojtik, Tomas"]
[Result "0-1"]
[WhiteElo "1886"]
[BlackElo "2043"]
[PlyCount "90"]
[EventDate "2012.10.14"]
[EventType "team-tourn"]
[EventRounds "11"]
[EventCountry "CZE"]
[SourceTitle "EXT 2016"]
[Source "ChessBase"]
[SourceDate "2015.10.08"]
[SourceVersion "1"]
[SourceVersionDate "2015.10.08"]
[SourceQuality "1"]
[WhiteTeam "Stare Mesto III"]
[BlackTeam "Prusanky Podluzan"]
[WhiteTeamCountry "CZE"]
[BlackTeamCountry "CZE"]

1. c4 c5 2. Nc3 e6 3. Nf3 Nf6 4. d4 cxd4 5. Nxd4 a6 6. e4 Qc7 7. Bg5 Be7 8. Be2 Nc6 9. Rc1 Nxd4 10. Qxd4 d6 11. 0-0 0-0 12. Rfd1 Rd8 13. Be3 Nd7 14. b4 b6 15. f4 Rb8 16. Bf3 Bb7 17. h3 h6 18. Be2 Bf8 19. Bf1 Ba8 20. g3 Qb7 21. Bg2 Rbc8 22. Kh2 Rc7 23. Bh1 Qb8 24. Na4 b5 25. cxb5 Rxc1 26. Rxc1 Qxb5 27. Nc3 Qb8 28. a4 Be7 29. Ne2 Nf6 30. g4 Bb7 31. Ng3 Rc8 32. b5 Rxc1 33. Bxc1 axb5 34. axb5 Bc8 35. b6 Nd7 36. Be3 Bd8 37. Qb4 Bxb6 38. Bd2 Qa7 39. Ne2 Ba6 40. Qxd6 Bxe2 41. Bg2 Bb5 42. Qb4 Bc6 43. h4 Bc7 44. Qe7 Nc5 45. g5 Bxf4+ 0-1

[Event "CZE-chT2E 1112"]
[Site "Czech Republic"]
[Date "2011.10.09"]
[Round "1.8"]
[White "Kocab, Jan"]
[Black "Burda, Josef"]
[Result "1-0"]
[WhiteElo "1996"]
[BlackElo "1906"]
[PlyCount "107"]
[EventDate "2011.10.09"]
[EventType "team-tourn"]
[EventRounds "11"]
[EventCountry "CZE"]
[SourceTitle "EXT 2013"]
[Source "ChessBase"]
[SourceDate "2012.11.22"]
[SourceVersion "1"]
[SourceVersionDate "2012.11.22"]
[SourceQuality "1"]
[WhiteTeam "Prusanky Podluzan"]
[BlackTeam "Stare Mesto III"]
[WhiteTeamCountry "CZE"]
[BlackTeamCountry "CZE"]

1. e4 c5 2. Nf3 d6 3. d4 cxd4 4. Nxd4 Nf6 5. Nc3 a6 6. Be2 e6 7. 0-0 b5 8. Bf3 b4 9. e5 Ra7 10. exf6 bxc3 11. fxg7 Bxg7 12. bxc3 0-0 13. Rb1 Qc7 14. Rxb8 Qxb8 15. Nc6 Qc7 16. Nxa7 Qxa7 17. Qxd6 Qd7 18. Qb4 Qc7 19. c4 a5 20. Qb5 Bd7 21. Qb7 Qxb7 22. Bxb7 Rb8 23. Bf3 Rc8 24. Rd1 Ba4 25. Be4 f5 26. Bd3 Bc3 27. Bf4 Kf7 28. Rb1 h5 29. Bd6 Bd4 30. Kf1 Rc6 31. Ba3 h4 32. g3 hxg3 33. hxg3 Rc8 34. Ke2 Bc6 35. Bc1 Kf6 36. Be3 Bc3 37. Bd2 Bxd2 38. Kxd2 Ke5 39. Ke3 Kd6 40. c3 Rc7 41. Rd1 Ke5 42. Rb1 Kd6 43. Rb2 Ke5 44. Rb6 Kd6 45. Ra6 a4 46. Bc2 Kc5 47. Bxa4 Bxa4 48. Rxa4 Kd6 49. Ra6+ Ke5 50. Ra5+ Kd6 51. Kd4 Rc6 52. f4 Rc8 53. c5+ Kd7 54. Ra7+ 1-0

[Event "Stare Mesto op"]
[Site "Stare Mesto"]
[Date "2011.08.19"]
[Round "9"]
[White "Fusek, Lukas"]
[Black "Burda, Josef"]
[Result "1/2-1/2"]
[WhiteElo "1999"]
[BlackElo "1901"]
[PlyCount "71"]
[EventDate "2011.08.12"]
[EventType "swiss"]
[EventRounds "10"]
[EventCountry "CZE"]
[SourceTitle "CBM 143 Extra"]
[Source "ChessBase"]
[SourceDate "2011.08.29"]
[SourceVersion "1"]
[SourceVersionDate "2011.08.29"]
[SourceQuality "1"]

1. Nf3 Nf6 2. g3 g6 3. Bg2 Bg7 4. 0-0 0-0 5. c4 c5 6. Nc3 Nc6 7. d3 d6 8. a3 a5 9. Rb1 Rb8 10. Nb5 e5 11. Qc2 Ne8 12. Bd2 Nc7 13. b4 axb4 14. Nxc7 Qxc7 15. axb4 b6 16. bxc5 bxc5 17. Rxb8 Qxb8 18. Rb1 Qc7 19. Qb3 Bd7 20. Qb6 Qxb6 21. Rxb6 Rb8 22. Ba5 Rxb6 23. Bxb6 Nd4 24. Nxd4 exd4 25. Bc7 Bf8 26. e3 dxe3 27. fxe3 Be6 28. Bf1 Kg7 29. d4 Kf6 30. Kf2 h5 31. Bd8+ Be7 32. Ba5 Kg7 33. Kf3 f5 34. Bd3 Kf7 35. Bb6 Kf6 36. Ba5 1/2-1/2

[Event "Stare Mesto op"]
[Site "Stare Mesto"]
[Date "2011.08.17"]
[Round "7"]
[White "Krizek, Frantisek"]
[Black "Burda, Josef"]
[Result "1-0"]
[WhiteElo "2026"]
[BlackElo "1901"]
[PlyCount "53"]
[EventDate "2011.08.12"]
[EventType "swiss"]
[EventRounds "10"]
[EventCountry "CZE"]
[SourceTitle "CBM 143 Extra"]
[Source "ChessBase"]
[SourceDate "2011.08.29"]
[SourceVersion "1"]
[SourceVersionDate "2011.08.29"]
[SourceQuality "1"]

1. c4 c5 2. Nc3 Nc6 3. Nf3 g6 4. d4 cxd4 5. Nxd4 Bg7 6. Nb3 Nf6 7. e4 0-0 8. Be2 d6 9. 0-0 Ne5 10. c5 dxc5 11. Qxd8 Rxd8 12. Nxc5 b6 13. Bf4 Nfd7 14. Nxd7 Bxd7 15. Nd5 Kf8 16. Nc7 Rab8 17. Rac1 Bc8 18. Na6 Rb7 19. b3 Rbd7 20. Nb8 Bb7 21. Nxd7+ Rxd7 22. Rfd1 Rxd1+ 23. Rxd1 Nc6 24. Rd7 e5 25. Bd2 Bc8 26. Rc7 Nd4 27. Rxc8+ 1-0

[Event "Slovacky op"]
[Site "Stare Mesto"]
[Date "2011.06.17"]
[Round "7.11"]
[White "Burda, Josef"]
[Black "Fuskova, Martina"]
[Result "1/2-1/2"]
[WhiteElo "1934"]
[BlackElo "1610"]
[PlyCount "31"]
[EventDate "2011.04.29"]
[EventType "swiss"]
[EventRounds "8"]
[EventCountry "CZE"]
[SourceTitle "EXT 2012"]
[Source "ChessBase"]
[SourceDate "2011.11.24"]
[SourceVersion "1"]
[SourceVersionDate "2011.11.24"]
[SourceQuality "1"]

1. c4 e5 2. Nc3 Nf6 3. g3 Nc6 4. Bg2 Bc5 5. Nf3 e4 6. Nh4 Qe7 7. Nf5 Qe5 8. Ne3 0-0 9. 0-0 d6 10. Ned5 Nxd5 11. Nxd5 Bb6 12. Rb1 Be6 13. d3 Bxd5 14. cxd5 Qxd5 15. Qa4 Nd4 16. Bxe4 1/2-1/2

[Event "Slovacky op"]
[Site "Stare Mesto"]
[Date "2011.04.29"]
[Round "1.2"]
[White "Burda, Josef"]
[Black "Vrana, Frantisek"]
[Result "0-1"]
[WhiteElo "1934"]
[BlackElo "2305"]
[PlyCount "92"]
[EventDate "2011.04.29"]
[EventType "swiss"]
[EventRounds "8"]
[EventCountry "CZE"]
[SourceTitle "EXT 2012"]
[Source "ChessBase"]
[SourceDate "2011.11.24"]
[SourceVersion "1"]
[SourceVersionDate "2011.11.24"]
[SourceQuality "1"]

1. c4 f5 2. Nf3 Nf6 3. d4 g6 4. b3 Bg7 5. Bb2 c6 6. g3 0-0 7. Bg2 d6 8. 0-0 Na6 9. Nfd2 e5 10. e3 e4 11. a3 Be6 12. Nc3 Nc7 13. Qe2 Qe7 14. Rae1 Rae8 15. Qd1 h5 16. h4 Ng4 17. Ne2 Bh6 18. Nf4 Qf7 19. f3 exf3 20. Bxf3 Bd7 21. Bxg4 hxg4 22. Rf2 Ne6 23. a4 g5 24. hxg5 Nxg5 25. Rh2 Bg7 26. Ba3 Re6 27. Kf2 Rfe8 28. Rhh1 Qe7 29. Nxe6 Qxe6 30. Qe2 Qg6 31. Qd3 b6 32. Bb4 Bh6 33. Re2 Bc8 34. Bc3 Bb7 35. d5 cxd5 36. cxd5 Nh3+ 37. Ke1 Qf7 38. Rf1 Rf8 39. Qd4 Kh7 40. Qd3 Qxd5 41. Qxd5 Bxd5 42. Nc4 Bf3 43. Rd2 d5 44. Ne5 Be4 45. Ke2 Rc8 46. a5 Rxc3 0-1

[Event "CZE-chT2E 0910"]
[Site "Czech Republic"]
[Date "2010.03.14"]
[Round "9.8"]
[White "Burda, Josef"]
[Black "Bednar, Jakub"]
[Result "0-1"]
[WhiteElo "1969"]
[BlackElo "2091"]
[PlyCount "68"]
[EventDate "2009.10.18"]
[EventType "team-tourn"]
[EventRounds "11"]
[EventCountry "CZE"]
[SourceTitle "EXT 2012"]
[Source "ChessBase"]
[SourceDate "2011.11.24"]
[SourceVersion "1"]
[SourceVersionDate "2011.11.24"]
[SourceQuality "1"]
[WhiteTeam "Stare Mesto II"]
[BlackTeam "Brno Lokomotiva III"]
[WhiteTeamCountry "CZE"]
[BlackTeamCountry "CZE"]

1. c4 c6 2. g3 Nf6 3. Bg2 g6 4. d4 d6 5. Nc3 Bg7 6. Nf3 0-0 7. 0-0 Qc7 8. e4 e5 9. d5 Nbd7 10. h3 Nc5 11. Qc2 cxd5 12. Nxd5 Nxd5 13. cxd5 a5 14. Nd2 Bd7 15. a4 Rfc8 16. Nb1 Nxa4 17. Qxc7 Rxc7 18. Na3 b5 19. Re1 b4 20. Nb1 Nc5 21. Be3 Nb3 22. Ra2 Bf6 23. Bf1 Bd8 24. Nd2 Nxd2 25. Bxd2 Rb7 26. Bd3 Bxh3 27. f3 Bd7 28. Kf2 Bb6+ 29. Ke2 Bd4 30. g4 a4 31. Rb1 b3 32. Ra3 Bc5 33. Raa1 a3 34. bxa3 Bd4 0-1

[Event "CZE-chT2E 0809"]
[Site "Czech Republic"]
[Date "2009.01.09"]
[Round "7.8"]
[White "Smid, Jan"]
[Black "Burda, Josef"]
[Result "1/2-1/2"]
[WhiteElo "1994"]
[BlackElo "1992"]
[PlyCount "55"]
[EventDate "2008.10.12"]
[EventType "team-tourn"]
[EventRounds "11"]
[EventCountry "CZE"]
[SourceTitle "EXT 2010"]
[Source "ChessBase"]
[SourceDate "2010.11.25"]
[SourceVersion "1"]
[SourceVersionDate "2010.11.25"]
[SourceQuality "1"]
[WhiteTeam "Stare Mesto III"]
[BlackTeam "Stare Mesto II"]
[WhiteTeamCountry "CZE"]
[BlackTeamCountry "CZE"]

1. Nf3 Nf6 2. g3 g6 3. Bg2 Bg7 4. d4 d5 5. Bg5 0-0 6. Nbd2 c5 7. c3 cxd4 8. Nxd4 e5 9. N4b3 h6 10. Bxf6 Bxf6 11. 0-0 Nc6 12. Nc5 Qd6 13. Ndb3 Rd8 14. Qc2 b6 15. Na4 Ba6 16. Rad1 Ne7 17. c4 Qb4 18. Nd2 Rac8 19. Qb3 Qxb3 20. axb3 dxc4 21. bxc4 Rd4 22. Ne4 Bg7 23. b3 Rcd8 24. Nec3 Rxd1 25. Rxd1 Rxd1+ 26. Nxd1 b5 27. cxb5 Bxb5 28. Ndc3 1/2-1/2

[Event "CZE-chT2E 0809"]
[Site "Czech Republic"]
[Date "2008.10.12"]
[Round "1.8"]
[White "Burda, Josef"]
[Black "Krejci, Jan"]
[Result "0-1"]
[WhiteElo "1992"]
[BlackElo "2117"]
[PlyCount "70"]
[EventDate "2008.10.12"]
[EventType "team-tourn"]
[EventRounds "11"]
[EventCountry "CZE"]
[SourceTitle "EXT 2010"]
[Source "ChessBase"]
[SourceDate "2010.11.25"]
[SourceVersion "1"]
[SourceVersionDate "2010.11.25"]
[SourceQuality "1"]
[WhiteTeam "Stare Mesto II"]
[BlackTeam "Litovel II"]
[WhiteTeamCountry "CZE"]
[BlackTeamCountry "CZE"]

1. c4 c5 2. g3 g6 3. Bg2 Bg7 4. Nf3 Nc6 5. 0-0 e6 6. e3 Nge7 7. d4 cxd4 8. exd4 d5 9. cxd5 exd5 10. Bg5 0-0 11. Qd2 Qb6 12. Nc3 Be6 13. Bxe7 Nxe7 14. Rfe1 Nf5 15. Rad1 Rfd8 16. Na4 Qd6 17. Nc5 Bc8 18. b4 b6 19. Na4 Bd7 20. Nc3 Rac8 21. a3 Rc7 22. Ne5 Bc6 23. Nxc6 Qxc6 24. Rc1 Qb7 25. Qg5 Rcd7 26. Nxd5 Qa6 27. Rc7 h6 28. Qf4 Nxd4 29. Nf6+ Bxf6 30. Qxf6 Ne2+ 31. Kh1 Qd3 32. Rxd7 Rxd7 33. Bf1 Qe4+ 34. f3 Nxg3+ 35. hxg3 Qxe1 0-1

[Event "Stare Mesto op"]
[Site "Stare Mesto"]
[Date "2008.08.12"]
[Round "6"]
[White "Lundeby, Oyvind Andersen"]
[Black "Burda, Josef"]
[Result "1-0"]
[WhiteElo "2233"]
[BlackElo "1987"]
[PlyCount "71"]
[EventDate "2008.08.08"]
[EventType "swiss"]
[EventRounds "10"]
[EventCountry "CZE"]
[SourceTitle "CBM 125 Extra"]
[Source "ChessBase"]
[SourceDate "2008.09.01"]
[SourceVersion "1"]
[SourceVersionDate "2008.09.01"]
[SourceQuality "1"]

1. d4 Nf6 2. Bg5 d5 3. Bxf6 exf6 4. e3 Bd6 5. c4 dxc4 6. Bxc4 a6 7. Nc3 b5 8. Bd5 c6 9. Bf3 Qb6 10. Rc1 0-0 11. Nge2 Rd8 12. 0-0 Nd7 13. Ne4 Bf8 14. Qc2 Bb7 15. Nf4 Rac8 16. Nd3 a5 17. Nec5 Nxc5 18. Nxc5 Ba8 19. Qf5 Be7 20. Qh3 g6 21. g4 Rc7 22. Qg2 Kg7 23. Be4 Rcc8 24. Rc2 Rd6 25. Rfc1 Qc7 26. Nd3 Qd7 27. Nc5 Qe8 28. f4 Rdd8 29. Qf3 Kg8 30. Kf2 Bf8 31. h4 Be7 32. Rh1 Kg7 33. h5 g5 34. fxg5 fxg5 35. h6+ Kh8 36. Qf5 1-0